000 00479nam a2200169 4500
001 112616
003 ES-MaACL
005 20230906185555.0
007 t|
008 061121s1976 sp r ||||1| spa d
245 0 0 _aNovelistas hispanoamericanos de hoy /
_cedición de Juan Loveluck.
260 _aMadrid :
_bTaurus,
_c1976.
300 _a335 p. ;
_c22 cm.
700 1 _aLoveluck, Juan.
_974362
852 _aES-MaACL
_jA-8441
_bR.95108
852 _aES-MaACL
_jA-6023
_bR.95037
999 _c112616
_d112616